1115 1061 1288 1041 1022 1549 1044 1553 1636 1921 1624 1282 1009 1912 1949 1125 1839 1038 1175 1476 1626 1524 1479 1162 1923 1842 1149 1639 1335 1037 1365 1349 1350 1329 1468 1724 1832 1764 1326 1426 1009 1795 1392 1318 1984 1012 1520 1551 1749 1396 1687 1310 1368 1829 1000 1943 1522 1170 1171 1642 1845 1502 1015 1234 1934 1980 1751 1138 1363 1813 1220 1375 1494 1657 1033 1819 1954 1243 1375 1732 1108 1930 1001 1978 1033 1729 1547 1997 1649 1705 1954 1560 1846 1875 1281 1530 1318 1247 1526 BCNSPRNW ULIB Ver.6.0+V

เปลี่ยนเป็นภาษาไทย

Change to English
 แสดงรายละเอียดบรรณานุกรม
  กลับหน้าหลัก

Brief Record : Get Marc (ISO 2709) : E-mail record : QR code < ปิดหน้าต่าง
LEADER : 00000nam 2200000uu 4500
001    13399123167
003     ULIB
008    020711s2549 th a 000 0 tha d
020    9749698134
020    9789749698136
090    นว.^bม111ห
100    มิยาเบะ มิยูกิ
245    เหตุที่ฆ่า /^cมิยาเบะ มิยูกิ ; เขียน , อาจารี สัตยาประเสริฐ ; แปล
250    พิมพ์ครั้งที่ 1
260    กรุงเทพฯ :^bNB Horror,^c2549
300    536 หน้า;^b21 ซม.
700    อาจารี สัตยาประเสริฐ ;^eแปล
945    ^p285^l0^i034424
999    ^aเกษร โพธิ์สุวรรณ
รายการนี้ยังไม่มีแท็ก
คุณยังไม่ได้ล็อกอิน คุณสามารถมีกิจกรรมร่วมกับเว็บไซต์ได้ แต่ต้องล็อกอินก่อน ::
  ล็อกอิน

รายการสื่อสารสนเทศ

ลำดับที่ ประเภท เลขเรียก/บาร์โค้ด สถานที่ สถานะ
1. นวนิยาย
นวนิยาย
นว. ม111ห ฉ.1 
  Barcode: 034424
ห้องสมุดวิทยาเขตสวรรค์ประชารักษ์
►นวนิยาย
บนชั้น
  ขอยืม

BibComment


ยังไม่เคยถูกคอมเมนท์

คอมเมนท์ทรัพยากรรายการนี้
  คอมเมนท์: เหตุที่ฆ่า มิยาเ..


 Copyright 2026. Bcnsprnw @Library